Interpersonal and group skills for law enforcement / (Record no. 893)

000 -LEADER
fixed length control field 01139cam a2200349 a 4500
003 - CONTROL NUMBER IDENTIFIER
control field CaAEU
005 - DATE AND TIME OF LATEST TRANSACTION
control field 20210622065856.0
008 - FIXED-LENGTH DATA ELEMENTS--GENERAL INFORMATION
fixed length control field 000413s2000 onca 001 0 eng d
020 ## - INTERNATIONAL STANDARD BOOK NUMBER
International Standard Book Number 013011491X (paper)
040 ## - CATALOGING SOURCE
Transcribing agency NLC
050 ## - LIBRARY OF CONGRESS CALL NUMBER
Classification number HV7936
Item number .G43 2000
055 #3 - CLASSIFICATION NUMBERS ASSIGNED IN CANADA
Classification number HV7936
Item number .G43 2000
055 00 - CLASSIFICATION NUMBERS ASSIGNED IN CANADA
Classification number HV7936 P75
Item number G43 2000
090 ## - LOCALLY ASSIGNED LC-TYPE CALL NUMBER (OCLC); LOCAL CALL NUMBER (RLIN)
Classification number (OCLC) (R) ; Classification number, CALL (RLIN) (NR) HV7936 .P75 G43 2000
Local cutter number (OCLC) ; Book number/undivided call number, CALL (RLIN) AEGMCT
100 1# - MAIN ENTRY--PERSONAL NAME
Personal name Geerinck, Terri,
Dates associated with a name 1958-
245 10 - TITLE STATEMENT
Title Interpersonal and group skills for law enforcement /
Statement of responsibility, etc. Terri M. Geerinck.
260 ## - PUBLICATION, DISTRIBUTION, ETC.
Place of publication, distribution, etc. [Scarborough, Ont.] :
Name of publisher, distributor, etc. Prentice Hall Canada Career & Technology,
Date of publication, distribution, etc. c2000.
300 ## - PHYSICAL DESCRIPTION
Extent ix, 245 p. :
Other physical details ill. ;
Dimensions 24 cm.
336 ## - CONTENT TYPE
Content type term text
Content type code txt
Source rdacontent
337 ## - MEDIA TYPE
Media type term unmediated
Media type code n
Source rdamedia
338 ## - CARRIER TYPE
Carrier type term volume
Carrier type code nc
Source rdacarrier
504 ## - BIBLIOGRAPHY, ETC. NOTE
Bibliography, etc. note Includes bibliographical references and index.
650 #0 - SUBJECT ADDED ENTRY--TOPICAL TERM
Topical term or geographic name entry element Police training.
650 #0 - SUBJECT ADDED ENTRY--TOPICAL TERM
Topical term or geographic name entry element Interpersonal communication.
650 #0 - SUBJECT ADDED ENTRY--TOPICAL TERM
Topical term or geographic name entry element Interpersonal relations.
650 #0 - SUBJECT ADDED ENTRY--TOPICAL TERM
Topical term or geographic name entry element Group relations training.
942 ## - ADDED ENTRY ELEMENTS (KOHA)
Source of classification or shelving scheme
Koha item type Book
Suppress in OPAC DO
948 ## - LOCAL PROCESSING INFORMATION (OCLC); SERIES PART DESIGNATOR (RLIN)
Series part designator, SPT (RLIN) 05/30/2003
b (OCLC) 05/27/2008
z (OCLC) Sirsi
Holdings
Withdrawn status Lost status Source of classification or shelving scheme Damaged status Not for loan Permanent Location Current Location Date acquired Total Checkouts Full call number Barcode Date last seen Price effective from Koha item type Public note
          AU LIBRARY AU LIBRARY 22.06.2021   HV7936 .G43 2000 28000326 22.06.2021 22.06.2021 Book DO

Powered by Koha